000 00253nam a2200097Ia 4500
001 719906
005 20250826163221.0
008 250824s9999 xx 000 0 und d
245 0 _aKENNEDY NİN BEYNİ
_cHENNING MANKELL
260 _bALTIN KİTAPLAR YAYINLARI
999 _c719906
_d719906